Statistics for Ancient History by Letter 'O'

Click here to take the quiz!

General Stats

  • This quiz has been taken 421 times
    (414 since last reset)
  • The average score is 11 of 15

Answer Stats

Hint Answer % Correct
Series of Greek sporting events held every 4 years that ended in 393 ADOlympic Games
97%
Mountain where the 12 Greek gods livedOlympus
95%
Epic by Homer about a man who takes 10 years to get homeOdyssey
95%
The 24th and final letter of the Greek alphabetOmega
93%
Apollo speaks through this, located at the sanctuary of DelphiThe Oracle
89%
To give a speech, in a way that Cicero would doOrate
86%
Mythical King of Thebes who killed his father to marry his motherOedipus
77%
A tall, typically stone pillar the earliest ones were built by EgyptiansObelisk
76%
Egyptian god of the UnderworldOsiris
73%
Type of government ruled by few, rich peopleOligarchy
72%
Augustus had this name before he became emperorOctavius
71%
Roman poet who wrote Metamorphoses and was exiled to TomisOvid
67%
The oldest Mesoamerican civilization, much of their history is unknownOlmec
39%
Mythical Greek musician that could charm anyone with his musicOrpheus
37%
Roman and Greek buildings used for music and poetry competitionsOdeon
10%

Score Distribution

Percentile by Number Answered

Percent of People with Each Score

Your Score History

You have not taken this quiz since the last reset